[Event "POR-chT 48th"]
[Site "Evora"]
[Date "2006.07.28"]
[Round "7"]
[White "Ftacnik, Lubomir"]
[Black "Khamrakulov, Ibragim S"]
[Result "1/2-1/2"]
[WhiteElo "2579"]
[BlackElo "2504"]
[PlyCount "57"]
[EventDate "2006.07.22"]
[EventType "team"]
[EventRounds "9"]
[EventCountry "POR"]
[Source "ChessBase"]
[SourceDate "2006.09.14"]

1. d4 Nf6 2. Nf3 e6 3. c4 b6 4. g3 Ba6 5. b3 Bb4+ 6. Bd2 Be7 7. Nc3 d5 8. cxd5
Nxd5 9. e4 Nxc3 10. Bxc3 Bb7 11. Bb5+ c6 12. Bd3 O-O 13. b4 c5 14. bxc5 bxc5
15. Rb1 cxd4 16. Bxd4 Nc6 17. Rxb7 Nxd4 18. O-O Bf6 19. e5 Nxf3+ 20. Qxf3 Bxe5
21. Bxh7+ Kxh7 22. Qh5+ Kg8 23. Qxe5 Qd2 24. a4 a6 25. Rb6 Rfd8 26. Rfb1 Qc2
27. Qf4 Rac8 28. Rb7 Rf8 29. a5 1/2-1/2

[Event "Pardubice op-A"]
[Site "Pardubice"]
[Date "2006.07.26"]
[Round "6"]
[White "Babula, Vlastimil"]
[Black "Cvek, Robert"]
[Result "1-0"]
[WhiteElo "2571"]
[BlackElo "2509"]
[PlyCount "65"]
[EventDate "2006.07.21"]
[EventType "swiss"]
[EventRounds "9"]
[EventCountry "CZE"]
[Source "ChessBase"]
[SourceDate "2006.09.14"]

1. d4 Nf6 2. c4 e6 3. Nf3 b6 4. a3 Bb7 5. Nc3 d5 6. cxd5 Nxd5 7. e3 g6 8. Bb5+
c6 9. Bc4 Bg7 10. O-O c5 11. Nxd5 Bxd5 12. Bxd5 Qxd5 13. dxc5 Qxc5 14. Bd2 Qd5
15. Rc1 O-O 16. Bc3 Qxd1 17. Rfxd1 Na6 18. b4 Rfc8 19. Bxg7 Kxg7 20. g4 Rxc1
21. Rxc1 Rd8 22. Nd4 Rd7 23. Nb5 Kf6 24. Kg2 Ke7 25. Rc8 h5 26. gxh5 gxh5 27.
h4 e5 28. Kf3 f5 29. Rh8 Ke6 30. Rxh5 Rg7 31. Rh8 e4+ 32. Ke2 Nc7 33. Nd4+ 1-0

[Event "Pardubice op-A"]
[Site "Pardubice"]
[Date "2006.07.26"]
[Round "6"]
[White "Najer, Evgeniy"]
[Black "Tomashevsky, Evgeny"]
[Result "1/2-1/2"]
[WhiteElo "2677"]
[BlackElo "2594"]
[PlyCount "91"]
[EventDate "2006.07.21"]
[EventType "swiss"]
[EventRounds "9"]
[EventCountry "CZE"]
[Source "ChessBase"]
[SourceDate "2006.09.14"]

1. d4 Nf6 2. c4 e6 3. Nf3 b6 4. g3 Ba6 5. b3 d5 6. Bg2 dxc4 7. Ne5 Bb4+ 8. Kf1
Bd6 9. Nxc4 Nd5 10. Bb2 Nc6 11. e4 Nde7 12. Nbd2 e5 13. d5 Nd4 14. Nf3 c5 15.
Bh3 O-O 16. Kg2 Ng6 17. Re1 Qf6 18. a4 Rfe8 19. a5 b5 20. Nxd6 Qxd6 21. Nxd4
cxd4 22. f4 Bc8 23. Bxc8 Raxc8 24. fxe5 Nxe5 25. Bxd4 a6 26. Qd2 Qg6 27. Bxe5
Rxe5 28. Rac1 Rd8 29. Qf4 f6 30. Re3 Qe8 31. Kf2 Qe7 32. Rc6 Qb4 33. Rxa6 Rde8
34. Qf3 f5 35. Re6 fxe4 36. Rxe5 Rxe5 37. Qd1 Qc5 38. Qg4 Qxd5 39. Qc8+ Kf7 40.
Qc2 b4 41. a6 Qd4 42. Qc4+ Qxc4 43. bxc4 Ra5 44. Rb3 Rxa6 45. Rxb4 Ra3 46. c5
1/2-1/2

[Event "Balaguer op 11th"]
[Site "Balaguer"]
[Date "2006.07.22"]
[Round "6"]
[White "Burmakin, Vladimir"]
[Black "Baklan, Vladimir"]
[Result "1/2-1/2"]
[WhiteElo "2558"]
[BlackElo "2621"]
[PlyCount "76"]
[EventDate "2006.07.17"]
[EventType "swiss"]
[EventRounds "10"]
[EventCountry "ESP"]
[Source "ChessBase"]
[SourceDate "2006.09.14"]

1. d4 Nf6 2. Nf3 e6 3. c4 b6 4. g3 Ba6 5. b3 Bb7 6. Bg2 Bb4+ 7. Bd2 a5 8. O-O
O-O 9. Nc3 d6 10. Qc2 Nbd7 11. Rfd1 Qe7 12. a3 Bxc3 13. Bxc3 Be4 14. Qb2 Rfb8
15. b4 axb4 16. axb4 b5 17. c5 Nd5 18. Rxa8 Rxa8 19. Ra1 Rxa1+ 20. Qxa1 Qd8 21.
Bd2 Qc8 22. Ne1 Bxg2 23. Kxg2 f5 24. Nd3 Qb7 25. f3 h6 26. Qa2 Kf7 27. Kg1 N7f6
28. h3 Ne7 29. g4 Qd5 30. Qxd5 Nexd5 31. Kf2 g5 32. e3 Ne7 33. Kg3 Nc6 34. Kf2
Kg6 35. Ke2 h5 36. Nf2 Nd5 37. Nd3 Nf6 38. Nf2 Nd5 1/2-1/2

[Event "Amsterdam ACT op 3rd"]
[Site "Amsterdam"]
[Date "2006.07.19"]
[Round "5"]
[White "L'Ami, Erwin"]
[Black "Timman, Jan H"]
[Result "1/2-1/2"]
[WhiteElo "2586"]
[BlackElo "2594"]
[PlyCount "82"]
[EventDate "2006.07.15"]
[EventType "swiss"]
[EventRounds "9"]
[EventCountry "NED"]
[Source "ChessBase"]
[SourceDate "2006.09.14"]

1. d4 Nf6 2. c4 e6 3. Nf3 b6 4. g3 Ba6 5. b3 b5 6. cxb5 Bxb5 7. Bg2 Bb4+ 8. Bd2
a5 9. Bxb4 axb4 10. Qd2 Nd5 11. e4 Nb6 12. Qxb4 Ba6 13. Nbd2 Nc6 14. Qc5 Ne7
15. Bf1 Bb7 16. Bg2 Ba6 17. Bf1 Bb7 18. Bd3 O-O 19. O-O f5 20. Qc2 fxe4 21.
Bxe4 Bxe4 22. Qxe4 Nbd5 23. a4 Nc6 24. Ne5 Nxe5 25. dxe5 Qe7 26. Rac1 Rab8 27.
f4 Rb4 28. Rc4 Rxc4 29. Nxc4 h5 30. h4 Qb4 31. Rf3 Ne7 32. Rd3 Nf5 33. Kg2 Rb8
34. Qf3 Qc5 35. Qxh5 d5 36. Nd2 Qc2 37. Qe2 c5 38. Kf2 Nd4 39. Qe3 Nf5 40. Qe2
Nd4 41. Qe3 Nf5 1/2-1/2

[Event "Alajuela op 2nd"]
[Site "Alajuela"]
[Date "2006.07.15"]
[Round "7"]
[White "Georgiev, Vladimir"]
[Black "Mitkov, Nikola"]
[Result "1/2-1/2"]
[WhiteElo "2518"]
[BlackElo "2563"]
[PlyCount "30"]
[EventDate "2006.07.12"]
[EventType "swiss"]
[EventRounds "9"]
[EventCountry "CRI"]
[Source "ChessBase"]
[SourceDate "2006.09.14"]

1. d4 Nf6 2. c4 e6 3. Nf3 b6 4. g3 Ba6 5. b3 c6 6. Bg2 Bb7 7. Bd2 Be7 8. O-O d5
9. Qc2 Nbd7 10. Nc3 O-O 11. Bf4 Rc8 12. Rad1 Nh5 13. Bc1 Nhf6 14. Bf4 Nh5 15.
Bc1 Nhf6 1/2-1/2

[Event "Kavala op"]
[Site "Kavala"]
[Date "2006.07.08"]
[Round "6"]
[White "Jankovic, Alojzije"]
[Black "Jeremic, Veljko"]
[Result "1/2-1/2"]
[WhiteElo "2525"]
[BlackElo "2527"]
[PlyCount "103"]
[EventDate "2006.07.04"]
[EventType "swiss"]
[EventRounds "9"]
[EventCountry "GRE"]
[Source "ChessBase"]
[SourceDate "2006.09.14"]

1. d4 Nf6 2. c4 e6 3. Nf3 b6 4. Nc3 Bb4 5. Bg5 Bb7 6. e3 h6 7. Bh4 g5 8. Bg3
Ne4 9. Qc2 Bxc3+ 10. bxc3 d6 11. Bd3 f5 12. d5 Nd7 13. Bxe4 fxe4 14. Qxe4 Qf6
15. O-O Nc5 16. Qd4 O-O 17. e4 Qxd4 18. cxd4 Nxe4 19. dxe6 g4 20. Nh4 Rf6 21.
d5 c6 22. Rfd1 cxd5 23. cxd5 Nc3 24. Bxd6 Nxd5 25. Rd4 h5 26. Re1 Re8 27. Rde4
Bc8 28. Re5 Rfxe6 29. Rg5+ Kf7 30. Be5 Ne7 31. Rxh5 Nc6 32. f4 gxf3 33. Nxf3
Kg6 34. Rg5+ Kh7 35. Rh5+ Kg6 36. g4 Nxe5 37. Nxe5+ Kg7 38. Rg5+ Kh6 39. h4 Kh7
40. Re3 R6e7 41. Kf2 b5 42. Rc3 b4 43. Rc5 Be6 44. Ra5 Rc8 45. Rh5+ Kg7 46.
Rg5+ Kh7 47. Ke3 Rc3+ 48. Kd4 Ra3 49. Rh5+ Kg7 50. Rg5+ Kh7 51. Rh5+ Kg7 52.
Rg5+ 1/2-1/2

[Event "Kavala op"]
[Site "Kavala"]
[Date "2006.07.09"]
[Round "7"]
[White "Svetushkin, Dmitry"]
[Black "Rozentalis, Eduardas"]
[Result "1/2-1/2"]
[WhiteElo "2569"]
[BlackElo "2605"]
[PlyCount "53"]
[EventDate "2006.07.04"]
[EventType "swiss"]
[EventRounds "9"]
[EventCountry "GRE"]
[Source "ChessBase"]
[SourceDate "2006.09.14"]

1. d4 Nf6 2. c4 e6 3. Nf3 b6 4. Nc3 Bb7 5. Bg5 Be7 6. Qc2 d5 7. cxd5 Nxd5 8.
Nxd5 exd5 9. Bxe7 Qxe7 10. Rc1 c6 11. e3 Nd7 12. Bd3 g6 13. O-O O-O 14. e4 c5
15. Rfe1 Rac8 16. exd5 Qd6 17. Qd2 cxd4 18. Bc4 Nf6 19. Qxd4 Rfd8 20. h3 Kg7
21. Bb3 Rxc1 22. Rxc1 Bxd5 23. Rd1 Qe6 24. Qh4 h6 25. Qb4 Rc8 26. Re1 Qf5 27.
Ne5 1/2-1/2

[Event "GRE-chT 35th"]
[Site "Ermioni"]
[Date "2006.07.04"]
[Round "2"]
[White "Postny, Evgeny"]
[Black "Rozentalis, Eduardas"]
[Result "1/2-1/2"]
[WhiteElo "2591"]
[BlackElo "2605"]
[PlyCount "126"]
[EventDate "2006.07.03"]
[EventType "team"]
[EventRounds "9"]
[EventCountry "GRE"]
[Source "ChessBase"]
[SourceDate "2006.09.14"]

1. d4 Nf6 2. c4 e6 3. Nf3 b6 4. g3 Bb7 5. Bg2 Be7 6. Nc3 Ne4 7. Bd2 Nxc3 8.
Bxc3 d5 9. cxd5 exd5 10. O-O O-O 11. Qc2 Nd7 12. Rac1 Bd6 13. Bd2 Re8 14. Bg5
Nf6 15. e3 c5 16. dxc5 bxc5 17. Rfd1 h6 18. Bxf6 Qxf6 19. Ne1 Rab8 20. Qa4 Qxb2
21. Rb1 Qe5 22. Rxb7 Rxb7 23. Rxd5 Rb1 24. Rxe5 Rxe1+ 25. Bf1 Rxe5 26. Qxa7 Bf8
27. Kg2 Rd1 28. Bc4 Re7 29. Qxc5 Rb7 30. Qf5 Rd6 31. Bb3 g6 32. Qc8 Rdd7 33. e4
Rdc7 34. Qg4 Bg7 35. Qe2 g5 36. e5 Re7 37. f4 gxf4 38. gxf4 Rb6 39. Qd3 Rb8 40.
Kf3 Rbe8 41. a4 Rc7 42. a5 Rec8 43. Qd5 Rc3+ 44. Kg4 R8c7 45. a6 Bf8 46. Bd1
Ra3 47. Be2 Ra4 48. Bb5 Rc5 49. Qd3 Ra5 50. Bc4 Kg7 51. Kf5 Be7 52. Qe2 Kf8 53.
Qd3 Rc6 54. Qe2 Rf6+ 55. Ke4 Rc6 56. Bb5 Rb6 57. Bc4 Rb4 58. f5 Rxa6 59. f6
Bxf6 60. Kf5 Bg5 61. h4 Bc1 62. Qc2 Rc6 63. Qxc1 Rbxc4 1/2-1/2

[Event "GRE-chT 35th"]
[Site "Ermioni"]
[Date "2006.07.??"]
[Round "8"]
[White "Banikas, Hristos"]
[Black "Sokolov, Andrei"]
[Result "0-1"]
[WhiteElo "2576"]
[BlackElo "2589"]
[PlyCount "162"]
[EventDate "2006.07.03"]
[EventType "team"]
[EventRounds "9"]
[EventCountry "GRE"]
[Source "ChessBase"]
[SourceDate "2006.09.14"]

1. d4 Nf6 2. c4 e6 3. Nf3 b6 4. g3 Ba6 5. b3 Bb4+ 6. Bd2 Be7 7. Bg2 c6 8. Bc3
d5 9. Ne5 Nfd7 10. Nxd7 Nxd7 11. Nd2 O-O 12. O-O Nf6 13. e4 b5 14. exd5 exd5
15. Re1 Rb8 16. c5 Bc8 17. Nf3 Ne4 18. Rxe4 dxe4 19. Ne5 Qd5 20. Qe1 Bf5 21. g4
Bg6 22. f3 b4 23. fxe4 Qe6 24. Bb2 Bf6 25. Nxc6 Qxc6 26. e5 Qa6 27. exf6 Rfe8
28. Qf1 Qe2 29. Qxe2 Rxe2 30. Bc1 Be4 31. Bf1 Rc2 32. Bf4 Rd8 33. Be5 gxf6 34.
Bxf6 Re8 35. g5 Bd5 36. Be5 Rxe5 37. dxe5 Rxc5 38. Bd3 Ra5 39. Rd1 Be6 40. Rd2
Rxe5 41. h4 Re1+ 42. Kg2 Kg7 43. Be2 a5 44. Bd1 Re3 45. Bf3 Rc3 46. Be4 Rh3 47.
Bf3 Rxh4 48. Kg3 Rh3+ 49. Kf4 h6 50. gxh6+ Rxh6 51. Kg3 Rg6+ 52. Kf2 Rg5 53.
Ke3 Rc5 54. Kd4 Rc3 55. Be4 Kf6 56. Rf2+ Ke7 57. Bd3 Rc1 58. Ke5 Re1+ 59. Kd4
Rd1 60. Ke3 Kd6 61. Ke2 Rh1 62. Ke3 Ke5 63. Bb5 f5 64. Bc6 Rc1 65. Bb5 Rc3+ 66.
Kd2 Bd5 67. Bd3 Be4 68. Bxe4 Kxe4 69. Re2+ Kd4 70. Rf2 Ke5 71. Re2+ Kf4 72.
Rf2+ Rf3 73. Re2 Kg4 74. Re8 Rh3 75. Rg8+ Kf4 76. Rg2 Rg3 77. Rf2+ Kg4 78. Rh2
f4 79. Ke2 f3+ 80. Kf2 Kf4 81. Kf1 Rg2 0-1

[Event "GRE-chT 35th"]
[Site "Ermioni"]
[Date "2006.07.??"]
[Round "8"]
[White "Kulaots, Kaido"]
[Black "Gustafsson, Jan"]
[Result "1/2-1/2"]
[WhiteElo "2550"]
[BlackElo "2589"]
[PlyCount "50"]
[EventDate "2006.07.03"]
[EventType "team"]
[EventRounds "9"]
[EventCountry "GRE"]
[Source "ChessBase"]
[SourceDate "2006.09.14"]

1. d4 Nf6 2. c4 e6 3. Nf3 b6 4. g3 Ba6 5. Qb3 c6 6. Bg5 d5 7. cxd5 cxd5 8. Bxf6
gxf6 9. e3 Bxf1 10. Kxf1 Be7 11. Kg2 Nc6 12. Rc1 Qd7 13. Nbd2 O-O 14. Rc3 Rac8
15. Rac1 Na5 16. Qc2 Rxc3 17. Qxc3 Rd8 18. Ne1 Nb7 19. Nd3 Nd6 20. Qb3 Rc8 21.
Rxc8+ Qxc8 22. Qa4 a6 23. Qd1 f5 24. Ne5 Bf6 25. Qb3 Qb7 1/2-1/2

[Event "GRE-chT 35th"]
[Site "Ermioni"]
[Date "2006.07.??"]
[Round "8"]
[White "Wojtaszek, Radoslaw"]
[Black "Socko, Bartosz"]
[Result "1/2-1/2"]
[WhiteElo "2622"]
[BlackElo "2621"]
[PlyCount "30"]
[EventDate "2006.07.03"]
[EventType "team"]
[EventRounds "9"]
[EventCountry "GRE"]
[Source "ChessBase"]
[SourceDate "2006.09.14"]

1. d4 Nf6 2. c4 e6 3. Nf3 b6 4. Nc3 Bb7 5. a3 d5 6. cxd5 Nxd5 7. Qc2 Be7 8. e4
Nxc3 9. bxc3 O-O 10. Bd3 c5 11. O-O Qc8 12. Qe2 cxd4 13. cxd4 Ba6 14. Bb2 Bxd3
15. Qxd3 Qa6 1/2-1/2

[Event "Odessa Geller mem"]
[Site "Odessa"]
[Date "2006.07.03"]
[Round "5"]
[White "Lautier, Joel"]
[Black "Tukmakov, Vladimir B"]
[Result "1-0"]
[WhiteElo "2682"]
[BlackElo "2560"]
[PlyCount "45"]
[EventDate "2006.07.02"]
[EventType "tourn (rapid)"]
[EventRounds "9"]
[EventCountry "UKR"]
[EventCategory "12"]
[Source "ChessBase"]
[SourceDate "2006.09.14"]

1. d4 Nf6 2. c4 e6 3. Nf3 b6 4. g3 Ba6 5. Qb3 Nc6 6. Nbd2 Bb7 7. e4 d5 8. cxd5
exd5 9. e5 Ne4 10. Bd3 Qd7 11. O-O Nb4 12. Bb1 c5 13. Re1 cxd4 14. Nxe4 dxe4
15. Bxe4 O-O-O 16. Bg5 Bxe4 17. Rxe4 Qd5 18. Bxd8 Qxe4 19. Ng5 Qc2 20. Nxf7
Qxb3 21. axb3 Rg8 22. Rxa7 Nc6 23. Rc7+ 1-0

[Event "SWE-ch"]
[Site "Gothenburg"]
[Date "2006.07.12"]
[Round "11"]
[White "Cramling, Pia"]
[Black "Berg, Emanuel"]
[Result "0-1"]
[WhiteElo "2521"]
[BlackElo "2589"]
[PlyCount "108"]
[EventDate "2006.07.01"]
[EventType "tourn"]
[EventRounds "13"]
[EventCountry "SWE"]
[EventCategory "10"]
[Source "ChessBase"]
[SourceDate "2006.09.14"]

1. d4 Nf6 2. Nf3 e6 3. c4 b6 4. g3 Ba6 5. Nbd2 Bb4 6. Qc2 Bb7 7. Bg2 c5 8. dxc5
Bxc5 9. O-O Be7 10. a3 d6 11. b4 Qc7 12. Bb2 Nbd7 13. Rac1 Rc8 14. Qb3 O-O 15.
Nd4 Bxg2 16. Kxg2 a6 17. f4 Rfe8 18. Qf3 Bf8 19. b5 e5 20. Nc6 e4 21. Qe3 Ng4
22. Qd4 Nc5 23. h3 e3 24. hxg4 exd2 25. Qxd2 Qd7 26. f5 Nb3 27. Qd3 Nxc1 28.
Rxc1 Rxc6 29. bxc6 Qxc6+ 30. Kf2 Re4 31. g5 Qc5+ 32. e3 Qxf5+ 33. Kg2 Be7 34.
Bd4 Bxg5 35. Bxb6 h5 36. Qd5 Qg4 37. Rf1 Bf6 38. Rf4 Qe2+ 39. Kg1 Qe1+ 40. Kg2
Qe2+ 41. Kg1 Rxf4 42. exf4 h4 43. gxh4 Qg4+ 44. Qg2 Qxf4 45. Qa8+ Kh7 46. Qxa6
Qg3+ 47. Kf1 Qd3+ 48. Kg2 d5 49. Qb7 Qg6+ 50. Kf3 Qe4+ 51. Kg3 Qxh4+ 52. Kf3
Qh1+ 53. Kg3 Bh4+ 54. Kg4 f5+ 0-1

[Event "Lorca Narciso Yepes op"]
[Site "Lorca"]
[Date "2006.??.??"]
[Round "?"]
[White "Rustemov, Alexander"]
[Black "Fedorchuk, Sergey A"]
[Result "1/2-1/2"]
[WhiteElo "2565"]
[BlackElo "2576"]
[PlyCount "64"]
[EventDate "2006.06.25"]
[EventType "swiss"]
[EventRounds "9"]
[EventCountry "ESP"]
[Source "ChessBase"]
[SourceDate "2006.09.14"]

1. d4 Nf6 2. Nf3 e6 3. c4 b6 4. Nc3 Bb7 5. a3 d5 6. cxd5 Nxd5 7. Bd2 Be7 8. Qc2
O-O 9. e4 Nxc3 10. Bxc3 c5 11. Rd1 cxd4 12. Nxd4 Qc8 13. Be2 Nc6 14. Nf3 Qc7
15. O-O Rad8 16. Bd3 Rd7 17. Qe2 Rfd8 18. Bb5 Rxd1 19. Rxd1 Rxd1+ 20. Qxd1 a6
21. Bd3 b5 22. Qd2 h6 23. Kf1 Bd6 24. g3 Be7 25. Ke2 Bc8 26. h4 e5 27. Ke1 Be6
28. b4 Bg4 29. Nh2 Be6 30. Nf3 Bg4 31. Nh2 Be6 32. Nf3 Bg4 1/2-1/2

[Event "Lorca Narciso Yepes op"]
[Site "Lorca"]
[Date "2006.??.??"]
[Round "?"]
[White "Rustemov, Alexander"]
[Black "Spraggett, Kevin"]
[Result "1/2-1/2"]
[WhiteElo "2565"]
[BlackElo "2578"]
[PlyCount "41"]
[EventDate "2006.06.25"]
[EventType "swiss"]
[EventRounds "9"]
[EventCountry "ESP"]
[Source "ChessBase"]
[SourceDate "2006.09.14"]

1. d4 Nf6 2. Nf3 e6 3. c4 b6 4. Nc3 Bb7 5. a3 d5 6. cxd5 exd5 7. Bf4 Bd6 8. Bg3
O-O 9. e3 Re8 10. Qc2 a6 11. Rd1 g6 12. Be2 Bxg3 13. hxg3 Nbd7 14. O-O Rc8 15.
b4 c5 16. dxc5 bxc5 17. Qb2 d4 18. Na4 Qe7 19. bxc5 Bxf3 20. Bxf3 dxe3 21. Rd6
1/2-1/2

[Event "New York Mayor's Cup"]
[Site "New York"]
[Date "2006.06.25"]
[Round "5"]
[White "Gulko, Boris F"]
[Black "Ibragimov, Ildar"]
[Result "1-0"]
[WhiteElo "2585"]
[BlackElo "2637"]
[PlyCount "153"]
[EventDate "2006.06.25"]
[EventType "tourn (rapid)"]
[EventRounds "10"]
[EventCountry "USA"]
[EventCategory "15"]
[Source "ChessBase"]
[SourceDate "2006.09.14"]

1. d4 e6 2. c4 Nf6 3. Nf3 b6 4. g3 Ba6 5. Nbd2 Bb4 6. Qa4 c5 7. dxc5 Bxc5 8. b4
Be7 9. Bg2 Bb7 10. Bb2 O-O 11. O-O a5 12. b5 d6 13. Nd4 Bxg2 14. Kxg2 Nfd7 15.
Qc2 Nc5 16. e4 a4 17. Rac1 Bf6 18. N2f3 Qc7 19. Ba3 Rc8 20. Rfe1 g6 21. Qe2 Bg7
22. Qe3 Ra7 23. h4 h6 24. Red1 Qb7 25. Re1 Qe7 26. Red1 Rac7 27. Rd2 Nb7 28.
Rdc2 Nc5 29. Bb4 Ra7 30. Ba3 Qb7 31. Re2 Qa8 32. Kg1 Rac7 33. Nd2 Qb7 34. Ree1
Nbd7 35. Nc6 Ne5 36. Bxc5 dxc5 37. Nxe5 Bxe5 38. Qxh6 Rd7 39. Nf3 Bg7 40. Qf4
Rcd8 41. Ne5 Bxe5 42. Qxe5 Rd2 43. h5 Qe7 44. hxg6 fxg6 45. a3 Qd6 46. Qg5 e5
47. Qg4 Kg7 48. Re2 Rxe2 49. Qxe2 Qd2 50. Qxd2 Rxd2 51. Rc3 Rd4 52. f3 Rd2 53.
Kf1 Kf6 54. Ke1 Rg2 55. Rd3 Ke7 56. Rd5 Rxg3 57. Kf2 Rg5 58. f4 Rh5 59. fxe5
Rh2+ 60. Kg3 Ra2 61. Rd6 Rxa3+ 62. Kf4 Rc3 63. Rxb6 Rxc4 64. Rxg6 Rb4 65. Kf5
Rxb5 66. Rg7+ Kf8 67. Ra7 c4 68. Kf6 Rb8 69. e6 c3 70. Rh7 Kg8 71. Rg7+ Kh8 72.
Rc7 Rf8+ 73. Ke5 a3 74. Rxc3 Ra8 75. e7 a2 76. Ra3 Re8 77. Kf6 1-0

[Event "Biel GM"]
[Site "Biel"]
[Date "2006.07.24"]
[Round "1"]
[White "Pelletier, Yannick"]
[Black "Carlsen, Magnus"]
[Result "0-1"]
[WhiteElo "2583"]
[BlackElo "2675"]
[PlyCount "70"]
[EventDate "2006.07.24"]
[EventType "tourn"]
[EventRounds "10"]
[EventCountry "SUI"]
[EventCategory "17"]
[Source "ChessBase"]
[SourceDate "2006.10.02"]

1. d4 Nf6 2. Nf3 e6 3. c4 b6 4. g3 Bb4+ 5. Bd2 Bxd2+ 6. Qxd2 Ba6 7. Na3 O-O 8.
Bg2 Bb7 9. O-O d6 10. Rad1 Nbd7 11. Rfe1 Qe7 12. Nh4 Bxg2 13. Nxg2 c5 14. Ne3
Rfd8 15. Nb5 cxd4 16. Qxd4 Nc5 17. Qf4 Nce4 18. Ng4 Nxg4 19. Qxe4 Nf6 20. Qf3
Ne8 21. a4 Rac8 22. b3 Nf6 23. Nc3 h6 24. Rd3 Nd7 25. Qb7 Qf8 26. Qxa7 Nc5 27.
Rdd1 Rc6 28. a5 Ra8 29. axb6 Rxa7 30. bxa7 Qa8 31. Ra1 Nxb3 32. Ra4 Nd2 33. Nb5
Nxc4 34. Rb1 Kh7 35. f3 d5 0-1

[Event "Taiyuan Scheveningen"]
[Site "Taiyuan"]
[Date "2006.07.13"]
[Round "4"]
[White "Vescovi, Giovanni P"]
[Black "Zhang Zhong"]
[Result "1/2-1/2"]
[WhiteElo "2619"]
[BlackElo "2639"]
[PlyCount "129"]
[EventDate "2006.07.10"]
[EventType "schev"]
[EventRounds "12"]
[EventCountry "CHN"]
[Source "ChessBase"]
[SourceDate "2006.10.02"]

1. d4 Nf6 2. c4 e6 3. Nf3 b6 4. Nc3 Bb7 5. Bg5 Be7 6. Qc2 c5 7. dxc5 bxc5 8. e3
d6 9. Be2 Nbd7 10. O-O O-O 11. Rad1 Qb6 12. Rd2 Rfd8 13. Rfd1 Nf8 14. Nb5 Ng6
15. Bxf6 gxf6 16. Ne1 Rab8 17. b3 f5 18. Bf3 Ba6 19. Nc3 Ne5 20. Bh5 Ng6 21. g3
Bf6 22. Bf3 Rd7 23. Ne2 Rbd8 24. Bg2 Bb7 25. Bxb7 Qxb7 26. Nd3 Qc6 27. Nef4 a5
28. Nxg6 hxg6 29. Nb2 Kg7 30. Na4 Rh8 31. Rd3 Rhd8 32. R1d2 g5 33. Qd1 g4 34.
Qf1 Kf8 35. Qg2 Qxg2+ 36. Kxg2 Ke7 37. h3 gxh3+ 38. Kxh3 Rc7 39. Kg2 Rc6 40.
Rd1 Rh8 41. Re1 Bg7 42. Rdd1 Rcc8 43. Rh1 Rb8 44. Rxh8 Rxh8 45. Rh1 Rb8 46. Kf3
Rc8 47. Ke2 Rh8 48. Rxh8 Bxh8 49. Kd3 Kd7 50. e4 fxe4+ 51. Kxe4 Bd4 52. f3 Kc6
53. g4 d5+ 54. Kd3 Be5 55. Ke3 Ba1 56. f4 Bd4+ 57. Kd3 Ba1 58. f5 Bf6 59. fxe6
fxe6 60. Ke3 Bg5+ 61. Kf3 Kd6 62. Ke2 Bf6 63. Kd3 Kc6 64. Ke3 Bg5+ 65. Kd3
1/2-1/2

[Event "Taiyuan Scheveningen"]
[Site "Taiyuan"]
[Date "2006.07.14"]
[Round "5"]
[White "Jobava, Baadur"]
[Black "Zhang Zhong"]
[Result "1-0"]
[WhiteElo "2651"]
[BlackElo "2639"]
[PlyCount "89"]
[EventDate "2006.07.10"]
[EventType "schev"]
[EventRounds "12"]
[EventCountry "CHN"]
[Source "ChessBase"]
[SourceDate "2006.10.02"]

1. d4 Nf6 2. c4 e6 3. Nf3 b6 4. Nc3 Bb7 5. a3 d5 6. cxd5 Nxd5 7. Bd2 Be7 8. Qc2
O-O 9. Rd1 f5 10. e3 Nd7 11. Nxd5 Bxd5 12. Bc4 c6 13. O-O Rc8 14. Rc1 Bd6 15.
Bxd5 exd5 16. Qb3 Nf6 17. Rc2 Rf7 18. Rfc1 Rfc7 19. Bb4 Qe7 20. Bxd6 Qxd6 21.
a4 f4 22. exf4 Qxf4 23. a5 bxa5 24. g3 Qd6 25. Ne5 Nd7 26. Nxd7 Qxd7 27. Qa4 h6
28. Qxa5 Rb8 29. b4 a6 30. h4 Rb5 31. Qxa6 Rxb4 32. Rxc6 Rxc6 33. Rxc6 Qf5 34.
Re6 Kh7 35. Kg2 Rb2 36. Re2 Rb3 37. Qa2 Qf3+ 38. Kh2 Ra3 39. Qd2 Qd3 40. Qe3
Rb3 41. Kg2 Rc3 42. Re1 Rb3 43. h5 Rc3 44. Qf4 Rc6 45. Re7 1-0

[Event "EU-Cup 22nd"]
[Site "Feugen"]
[Date "2006.10.10"]
[Round "3"]
[White "Babula, Vlastimil"]
[Black "Navara, David"]
[Result "0-1"]
[WhiteElo "2584"]
[BlackElo "2725"]
[PlyCount "162"]
[EventDate "2006.10.08"]
[EventType "team"]
[EventRounds "7"]
[EventCountry "AUT"]
[Source "ChessBase"]
[SourceDate "2006.11.01"]

1. d4 Nf6 2. c4 e6 3. Nf3 b6 4. a3 Bb7 5. Nc3 d5 6. cxd5 Nxd5 7. e3 g6 8. Bb5+
c6 9. Bc4 Bg7 10. O-O O-O 11. e4 Nxc3 12. bxc3 c5 13. Bg5 Qd6 14. e5 Qd7 15.
Re1 Na6 16. Qe2 Bxf3 17. Qxf3 b5 18. Bd3 cxd4 19. cxd4 Rab8 20. Rab1 Qxd4 21.
Bxb5 Nc7 22. Rb4 Qd5 23. Bc6 Qxf3 24. Bxf3 Rxb4 25. axb4 Rb8 26. Be7 Bf8 27.
Bc5 Na6 28. Bxa7 Rb5 29. Be2 Rxb4 30. Rc1 Ra4 31. Be3 Nb4 32. Rc8 Kg7 33. f3
Nd5 34. Bc1 Ra2 35. Kf1 Bb4 36. Bg5 h6 37. Bf6+ Nxf6 38. exf6+ Kxf6 39. g3 h5
40. Rc4 Bd6 41. f4 Bb8 42. Kf2 Ba7+ 43. Kf3 g5 44. fxg5+ Kxg5 45. Re4 Ra5 46.
Kg2 Ra2 47. Kf1 Ra5 48. Kg2 Kg6 49. Bf3 Bb6 50. Re2 Bd8 51. Re4 Be7 52. Kh3 Bf6
53. Kg2 Bg7 54. Kh3 Be5 55. Rh4 Bf6 56. Re4 h4 57. gxh4 Be5 58. Re2 f5 59. Kg2
Kf6 60. h5 Bf4 61. Rc2 Kg5 62. Rc6 Ra2+ 63. Kf1 Be3 64. Be2 e5 65. h6 Ra7 66.
Kg2 e4 67. Re6 Ra2 68. Kf1 Ra7 69. Kg2 Rh7 70. Bc4 Rxh6 71. Rxh6 Kxh6 72. Kf1
Kg5 73. Ke2 Bg1 74. h3 f4 75. Bd5 Kf5 76. Kf1 Bd4 77. Kg2 f3+ 78. Kg3 Be5+ 79.
Kf2 Kf4 80. Bc4 e3+ 81. Kf1 Bf6 0-1

[Event "EU-Cup 22nd"]
[Site "Feugen"]
[Date "2006.10.14"]
[Round "7"]
[White "Boensch, Uwe"]
[Black "Laznicka, Viktor"]
[Result "1/2-1/2"]
[WhiteElo "2524"]
[BlackElo "2596"]
[PlyCount "24"]
[EventDate "2006.10.08"]
[EventType "team"]
[EventRounds "7"]
[EventCountry "AUT"]
[Source "ChessBase"]
[SourceDate "2006.11.01"]

1. d4 Nf6 2. c4 e6 3. Nf3 b6 4. g3 Bb7 5. Bg2 Be7 6. O-O O-O 7. Nc3 Ne4 8. Nxe4
Bxe4 9. Bf4 c5 10. Ne1 Bxg2 11. Kxg2 d5 12. cxd5 Qxd5+ 1/2-1/2

[Event "EU-Cup 22nd"]
[Site "Feugen"]
[Date "2006.10.14"]
[Round "7"]
[White "Bologan, Viktor"]
[Black "Navara, David"]
[Result "1/2-1/2"]
[WhiteElo "2659"]
[BlackElo "2725"]
[PlyCount "84"]
[EventDate "2006.10.08"]
[EventType "team"]
[EventRounds "7"]
[EventCountry "AUT"]
[Source "ChessBase"]
[SourceDate "2006.11.01"]

1. d4 Nf6 2. c4 e6 3. Nf3 b6 4. g3 Bb7 5. Bg2 Be7 6. Nc3 O-O 7. Qc2 c5 8. d5
exd5 9. Ng5 h6 10. Nxd5 Bxd5 11. cxd5 hxg5 12. d6 Nc6 13. dxe7 Qxe7 14. Bxg5 d5
15. e3 Qe5 16. Bxf6 Qxf6 17. O-O Rad8 18. Rfd1 Rd7 19. Rd2 Rfd8 20. Rad1 Qe6
21. Qb3 Na5 22. Qc3 Nc4 23. Rc2 Ne5 24. Rcd2 Qf5 25. Qc2 Nf3+ 26. Bxf3 Qxf3 27.
b4 cxb4 28. Rd4 a5 29. e4 Qc3 30. Qe2 a4 31. exd5 b3 32. axb3 axb3 33. Rc4 Qa5
34. Re4 Qa8 35. d6 b2 36. Re1 Qa1 37. Kg2 Rxd6 38. Re8+ Rxe8 39. Qxe8+ Kh7 40.
Qe4+ Kg8 41. Qe8+ Kh7 42. Qe4+ Kg8 1/2-1/2